Online
Catalog

La amarilla nostalgia / (Record no. 22207)

MARC details
000 -CABECERA
campo de control de longitud fija 00663nam a2200217 a 4500
001 - NÚMERO DE CONTROL
campo de control 000022710
005 - FECHA Y HORA DE LA ÚLTIMA TRANSACCIÓN
campo de control 20200930021743.0
008 - DATOS DE LONGITUD FIJA--INFORMACIÓN GENERAL
campo de control de longitud fija 101116s1976 sp 000 0 spa d
020 ## - NÚMERO INTERNACIONAL ESTÁNDAR DEL LIBRO
Número Internacional Estándar del Libro 8402005225
040 ## - FUENTE DE LA CATALOGACIÓN
Centro catalogador/agencia de origen DO-SdBNP
Lengua de catalogación spa
Centro/agencia transcriptor BNPHU
082 ## - NÚMERO DE LA CLASIFICACIÓN DECIMAL DEWEY
Número de clasificación xxx
Número de documento/Ítem xxx
100 1# - ENTRADA PRINCIPAL--NOMBRE DE PERSONA
Nombre de persona Lartéguy, Jean,
9 (RLIN) 46677
240 10 - TÍTULO UNIFORME
Título uniforme Le Mal Jaune
Lenguaje de la obra Español
245 13 - MENCIÓN DE TÍTULO
Título La amarilla nostalgia /
Mención de responsabilidad, etc. Jean Larteguy; traducción Miguel Giménez Sales.
250 ## - MENCIÓN DE EDICIÓN
Mención de edición 3a ed.
260 ## - PUBLICACIÓN, DISTRIBUCIÓN, ETC.
Lugar de publicación, distribución, etc. Barcelona :
Nombre del editor, distribuidor, etc. Bruguera,
Fecha de publicación, distribución, etc. 1976.
300 ## - DESCRIPCIÓN FÍSICA
Extensión 446 p. ;
Dimensiones 18 cm.
500 ## - NOTA GENERAL
Nota general Incluye notas al pie de las páginas
590 ## - NOTA LOCAL (RLIN)
Nota local Inventariado, 2019/BT
700 1# - PUNTO DE ACCESO ADICIONAL--NOMBRE DE PERSONA
Nombre de persona Giménez Sales, Miguel,
Término indicativo de función/relación tr.
9 (RLIN) 46678
Holdings
Estado de retiro Estado de pérdida Restricciones de uso No para préstamo Código de colección Localización permanente Ubicación/localización actual Ubicación en estantería Fecha de adquisición Número de inventario Total de préstamos Signatura topográfica completa Código de barras Fecha visto por última vez Precio válido a partir de Tipo de ítem Koha
        Monografías: Libros y Folletos General General Depósito 16.11.2010 LF1   xxx xxx 22710-10 25.06.2020 25.06.2020 Préstamo en sala

Powered by Koha